Sports Quiz

Random Sports or MLB Quiz

Baseball Hall of Fame Members Quiz Stats

 Plays Quiz Updated Jan 21, 2020

     
Support Sporcle.
Go Orange.
Score 0/264 Timer 20:00
75 Plays Today
Inducted Player % Correct
1936Babe Ruth
95.6%
2015Randy Johnson
92.3%
1936Ty Cobb
91.1%
1936Walter Johnson
90.1%
1975Judy Johnson
89.1%
2020Derek Jeter
88.9%
1962Jackie Robinson
88.3%
1983Brooks Robinson
87.7%
1982Frank Robinson
87.7%
1966Ted Williams
87.4%
1939Lou Gehrig
87.4%
1974Mickey Mantle
87.3%
2016Ken Griffey Jr.
87%
2018Chipper Jones
86.6%
1979Willie Mays
86.6%
1987Billy Williams
86.5%
1999Smokey Joe Williams
86.2%
2019Lee Smith
85.5%
1993Reggie Jackson
85.4%
2002Ozzie Smith
84.9%
2007Cal Ripken Jr.
84.7%
1982Travis Jackson
84.5%
2019Edgar Martinez
84.5%
2014Greg Maddux
84.4%
2019Mariano Rivera
84.3%
2015Pedro Martinez
84.3%
2014Frank Thomas
84.2%
2001Hilton Smith
84.2%
1982Hank Aaron
84%
2015Craig Biggio
83.7%
1936Honus Wagner
83.4%
1955Joe DiMaggio
83.2%
2015John Smoltz
83.1%
2014Tom Glavine
83.1%
2020Larry Walker
82.4%
1937Cy Young
82.2%
2007Tony Gwynn
82.1%
1989Johnny Bench
81.8%
2017Jeff Bagwell
81.8%
1972Yogi Berra
81.7%
1973Roberto Clemente
81.6%
1981Bob Gibson
81.3%
1972Josh Gibson
81%
1999Nolan Ryan
80.8%
2017Ivan Rodriguez
80.6%
1995Mike Schmidt
80.2%
2009Rickey Henderson
80.2%
2016Mike Piazza
80.2%
1972Sandy Koufax
80%
2018Jim Thome
79.7%
1977Ernie Banks
78.3%
1999George Brett
78.2%
2018Vladimir Guerrero
78.2%
1999Robin Yount
78.1%
1969Stan Musial
77.9%
2010Andre Dawson
77.8%
1978Eddie Mathews
77.5%
1990Joe Morgan
77.2%
1963Sam Rice
77.2%
1936Christy Mathewson
77.1%
1992Tom Seaver
77.1%
2003Gary Carter
76.9%
2012Barry Larkin
76.8%
1986Willie McCovey
76.5%
2001Kirby Puckett
76.3%
2018Trevor Hoffman
76.2%
1997Nellie Fox
76.1%
1988Willie Stargell
76%
2005Ryne Sandberg
76%
1984Harmon Killebrew
75.8%
1974Whitey Ford
75.6%
2017Tim Raines
75.1%
2004Paul Molitor
75%
2018Alan Trammell
74.7%
2005Wade Boggs
74.4%
2019Roy Halladay
74.2%
2012Ron Santo
74.1%
2018Jack Morris
74%
1951Jimmie Foxx
73.8%
1994Steve Carlton
73.3%
2004Dennis Eckersley
73.3%
1980Al Kaline
73.2%
2003Eddie Murray
72.5%
1971Satchel Paige
72.5%
1990Jim Palmer
72.4%
2019Mike Mussina
72.3%
1984Don Drysdale
72%
2001Dave Winfield
71.9%
Inducted Player % Correct
1951Mel Ott
71.9%
2000Carlton Fisk
71.5%
1962Bob Feller
71.4%
2019Harold Baines
71.3%
2008Rich 'Goose' Gossage
70.9%
2000Tony Perez
70.3%
2009Jim Rice
70.2%
1992Rollie Fingers
70.2%
1937Tris Speaker
70%
2020Ted Simmons
69.7%
1949Mordecai 'Three Finger' Brown
69.6%
1984Pee Wee Reese
69.6%
1989Carl Yastrzemski
69.5%
2006Willard Brown
69.3%
2006Ray Brown
69.3%
1980Duke Snider
69.2%
1937Nap Lajoie
69.1%
1991Rod Carew
68.9%
1987Catfish Hunter
68.8%
1956Hank Greenberg
68.6%
1985Lou Brock
68.6%
1942Rogers Hornsby
68.5%
1997Phil Niekro
67.5%
1939Cap Anson
67%
1994Phil Rizzuto
67%
1938Grover Alexander
66.9%
1969Roy Campanella
66.8%
1979Hack Wilson
66.3%
1973Warren Spahn
66.2%
2006Jud Wilson
66.1%
1991Ferguson Jenkins
65.7%
1998Don Sutton
65.5%
2006Bruce Sutter
65.3%
1953Dizzy Dean
65.2%
2001Bill Mazeroski
65%
2013Deacon White
64.8%
1983Juan Marichal
64.6%
1947Lefty Grove
63.9%
1991Gaylord Perry
63.7%
1974Cool Papa Bell
63.7%
1999Orlando Cepeda
63.4%
1946Frank Chance
62.5%
1975Ralph Kiner
62.4%
1939Eddie Collins
62.3%
1945Jimmy Collins
62.1%
1952Paul Waner
62.1%
1967Lloyd Waner
62%
1976Robin Roberts
62%
1946Johnny Evers
61.3%
1946Joe Tinker
60.8%
1984Luis Aparicio
60.7%
1995Richie Ashburn
58.7%
1939George Sisler
58.3%
1972Lefty Gomez
57.9%
2011Roberto Alomar
57.6%
1954Bill Dickey
57.6%
1949Charlie Gehringer
57.5%
2009Joe Gordon
57.4%
1983George Kell
57.3%
1953Al Simmons
56.8%
1939Willie Keeler
56.3%
1981Johnny Mize
55.8%
1985Enos Slaughter
55.6%
1998Larry Doby
55.5%
2011Bert Blyleven
55.5%
1964Luke Appling
54.7%
1986Bobby Doerr
54.5%
1947Mickey Cochrane
54.4%
1991Tony Lazzeri
54.3%
1996Jim Bunning
54.2%
1955Frank Baker
53.9%
1976Bob Lemon
53.9%
1985Hoyt Wilhelm
53%
1947Carl Hubbell
52.8%
1947Frankie Frisch
52.8%
1957Sam Crawford
52.7%
1998George Davis
52.4%
1948Pie Traynor
52%
1974Sam Thompson
52%
1945King Kelly
51.9%
1973George Kelly
51.8%
1992Hal Newhouser
51.8%
1989Red Schoendienst
51.5%
1972Early Wynn
51.2%
1955Dazzy Vance
51%
1980Chuck Klein
50.4%
1970Lou Boudreau
49.5%
1969Waite Hoyt
49.3%
Inducted Player % Correct
1939Charles 'Old Hoss' Radbourn
49.2%
1968Joe Medwick
48.7%
1954Bill Terry
48.6%
1946Eddie Plank
48.4%
1956Joe Cronin
48.3%
1945Ed Delahanty
48%
1959Zack Wheat
47.6%
1946Rube Waddell
47.5%
1967Red Ruffing
47.5%
1968Goose Goslin
47.4%
1996Bill Foster
47.3%
1971Joe Kelley
47.1%
1973Monte Irvin
46.9%
1939Buck Ewing
46.6%
1955Gabby Hartnett
46.6%
1946Ed Walsh
46.6%
1945Fred Clarke
46.4%
1986Ernie Lombardi
46.3%
1961Billy Hamilton
46.1%
1985Arky Vaughan
46.1%
1978Addie Joss
45.8%
1952Harry Heilmann
45.8%
1949Kid Nichols
45.2%
1965Pud Galvin
44.9%
1945Dan Brouthers
44.9%
2006Andy Cooper
44.6%
1946Jack Chesbro
44.5%
1954Rabbit Maranville
44.3%
2000Bid McPhee
44.2%
2006Pete Hill
43.9%
1953Chief Bender
43.8%
1995Vic Willis
43.6%
1970Earle Combs
43.6%
1972Ross Youngs
43.4%
1976Oscar Charleston
42.7%
1945Roger Bresnahan
42.7%
1975Earl Averill
42.7%
2006Frank Grant
42.6%
2006Ben Taylor
42.5%
1945Hughie Jennings
42.3%
1946Joe McGinnity
42.2%
1997Willie Wells
41.9%
1971Harry Hooper
41.8%
1948Herb Pennock
41.8%
1945Hugh Duffy
41.7%
1972Buck Leonard
41.7%
1955Ted Lyons
41.5%
1962Edd Roush
41.3%
2000Turkey Stearnes
41.2%
1974Jim Bottomley
41%
1963Eppa Rixey
41%
1961Max Carey
41%
1977Joe Sewell
40.9%
1964Heinie Manush
40.8%
1955Ray Schalk
40.8%
1964John Montgomery Ward
40.5%
1945Jim O'Rourke
40.1%
1946Tommy McCarthy
40.1%
1964Burleigh Grimes
40%
1968Kiki Cuyler
39.8%
1963John Clarkson
39.6%
1984Rick Ferrell
39.5%
1973Mickey Welch
39.5%
1971Rube Marquard
39.4%
1975Billy Herman
39.3%
1995Leon Day
39.2%
1964Tim Keefe
39.2%
1977John Henry 'Pop' Lloyd
38.7%
1946Jesse Burkett
38.4%
1964Red Faber
38.3%
2006Cristóbal Torriente
38%
2006Mule Suttles
38%
1953Bobby Wallace
37.6%
1976Roger Connor
37%
2006José Méndez
37%
1963Elmer Flick
36.9%
1977Martín Dihigo
36.5%
1969Stan Coveleski
36.4%
2006Biz Mackey
36.3%
1987Ray Dandridge
36.2%
2006Louis Santop
36%
1970Jesse Haines
35.9%
1977Amos Rusie
35.6%
1976Freddie Lindstrom
35.5%
1998Bullet Rogan
35.2%
1971Chick Hafey
35%
1971Jake Beckley
34.2%
1971Dave Bancroft
34%

From the Vault

Which Sports Moment? II

by strokes_static

Sports 4m
This quiz is going... going... gone!
Remove Ads.
Support Sporcle.
Get the best of Sporcle when you Go Orange. This ad-free experience offers more features, more stats, and more fun while also helping to support Sporcle. Thank you for becoming a member.

Show Comments

Extras

Top Quizzes Today


Score Distribution

Your Account Isn't Verified!

In order to create a playlist on Sporcle, you need to verify the email address you used during registration. Go to your Sporcle Settings to finish the process.

Report this User

Report this user for behavior that violates our Community Guidelines.

Details: